|
|
|
|
| LEADER |
00000cam a2200000 7i4500 |
| 001 |
0000001529 |
| 005 |
20020306.0 |
| 090 |
0 |
0 |
|a 634.90913
|b LAN 1982
|
| 100 |
1 |
0 |
|a LANLY
|h Jean-Paul
|
| 245 |
1 |
0 |
|a Tropical forest resources
|c by Jean-Paul Lanly
|
| 260 |
0 |
0 |
|a Rome :
|b Food and Agriculture Organization of the United Nations ,
|c 1982
|
| 300 |
|
|
|a xi, 106 p. :
|b ill. ;
|c 28 cm.
|
| 500 |
0 |
0 |
|a Bibliography: p.106
|
| 650 |
0 |
0 |
|a Forests and forestry
|z Tropics
|
| 710 |
1 |
1 |
|a Food and Agriculture Organization of the United Nations (FAO)
|
| 998 |
|
|
|a JPSM
|
| 999 |
|
|
|a 0000002951
|b Monograph
|c Open Shelf
|e Default branch
|